000 00545nam a2200193Ia 4500
005 20250508162538.0
008 008 250505s9999 xx 000 0 hin d
037 _aTextual
040 _aFEDL
_beng
_cFEDL
041 _ahin
_2eng
084 _a181.4, PRA
_qFEDL
100 _aShastri Srinivas Ed.
245 0 _aPrashstpad - bhashya
260 _aGhaziabad, India
_bIndo - Vision Private Limited
_c1984
300 _a323p
650 _aOriental philosophy
_9755543
942 _cTEXL
_h181.4, PRA
999 _c1377216
_d1377216